00631nam a2200157Ia 4500003000900000008004100009040001600050080001800066110004500084245018700129260006500316300001600381650002700397650001900424650003000443IN-BaIIA211028s9999 xx 000 0 eng d cIIA Library a083.7:62bASM aAmerican Society of Mechanical Engineers 0a1980 ASMe boilr and pressure vessel code section III Nuclesr Power Plant Components : Division 1 Subsection NG : Core SucThe American Society of Mechanical Engineers  aNew YorkbThe American Society of Mechanical Engineersc1980 axxii, 103p. aMechanical Engineering aNASA Thesaurus aRules-Nuclear Power Plant